000 00565nam a22001697a 4500
005 20231106130317.0
008 231106b |||||||| |||| 00| 0 eng d
020 _a0702132292
041 _aEnglish
082 _a346.5 COR
100 _aCorbett, MM et al.
_lEnglish
245 _a1994 Supplement by Ellison Kahn to the Law of Succession in South Africa /
_cMM Corbett et al.
260 _aCape Town :
_bJuta and Company Ltd,
_c1994
300 _bxxvi, 216 pages ;
_c25,5 cm.
650 _aLegal practice
_bLaw
942 _cBK
_6ALISON_BN_VRIES
999 _c323
_d323